Ladislav Švihran - Kto nám vládol

Bibliographic Details
Format: Book
Language:Slovak
PhysicalDescription:Príloha
Published: Košice Knižnica pre mládež mesta Košice 1999
Edition:[1. vyd.]

MARC

LEADER 00000nam a22000005a 4500
001 vtls008411264
003 SK-MaSNL
005 20260223200013.0
008 051124s1999 xo r 000 0 slo
040 |a SNK  |b slo  |c SNK  |e AACR2 
245 1 |a Ladislav Švihran - Kto nám vládol 
250 |a [1. vyd.] 
260 |a Košice  |b Knižnica pre mládež mesta Košice  |c 1999 
300 |e Príloha 
999 |c 681838  |d 683768 
952 |a SNK  |b SNK  |y NEVYP  |7 1  |p 17A0491181  |o snkOSC 23293  |i snk2005/19995  |8 0  |0 0  |1 0  |4 0  |d 2005-11-24  |l 0  |r 2026-02-23 20:00:13  |w 2026-02-23 
952 |a SNK  |b SNK  |y NEVYP  |7 1  |p 17A0491519  |o snkOSC 23293/pril.  |i snk2005/19995  |8 0  |0 0  |1 0  |4 0  |d 2005-11-24  |l 0  |r 2026-02-23 20:00:13  |w 2026-02-23